UBT Library

Organizational behavior : (Record no. 746)

000 -LEADER
fixed length control field 00535nam a22001937a 4500
005 - DATE AND TIME OF LATEST TRANSACTION
control field 20150512105153.0
008 - FIXED-LENGTH DATA ELEMENTS--GENERAL INFORMATION
fixed length control field 091009s2011 maua b 001 0 eng
020 ## - INTERNATIONAL STANDARD BOOK NUMBER
International Standard Book Number 9780073381497
041 0# - LANGUAGE CODE
Language code of text/sound track or separate title eng
080 ## - UNIVERSAL DECIMAL CLASSIFICATION NUMBER
Universal Decimal Classification number 656.07
100 1# - Rafti
Rafti Newstrom, John W.
245 10 - TITLE STATEMENT
Title Organizational behavior :
Statement of responsibility, etc John W. Newstrom.
250 ## -
-- Thirteenth ed./13e.
260 ## -
-- Boston :
-- McGraw-Hill/Irwin,
-- 2011.
300 ## -
-- 554 f. :
-- me il.;
-- 26 cm.
650 #0 -
-- Organizimi
650 #0 -
-- Transporti
942 ## - ADDED ENTRY ELEMENTS (KOHA)
Source of classification or shelving scheme
Item type Books
Holdings
Withdrawn status Lost status Source of classification or shelving scheme Damaged status Not for loan Collection code Permanent location Current location Shelving location Date acquired Total Checkouts Full call number Barcode Date last seen Koha item type Price effective from
          Koleksioni i përgjithshem UBT - Lipjan UBT - Lipjan Koleksioni i përgjithshem 05/12/2015   656.07 REW 002-008076 05/12/2015 Books  
          Koleksioni i përgjithshem UBT - Lipjan UBT - Lipjan Koleksioni i përgjithshem 09/28/2015   656.07 REW 002-008077 09/28/2015 Books 09/28/2015
          Koleksioni i përgjithshem UBT - Lipjan UBT - Lipjan Koleksioni i përgjithshem 09/28/2015   656.07 REW 002-008078 09/28/2015 Books 09/28/2015
          Koleksioni i përgjithshem UBT - Lipjan UBT - Lipjan Koleksioni i përgjithshem 09/28/2015   656.07 REW 002-008079 09/28/2015 Books 09/28/2015
          Koleksioni i përgjithshem UBT - Lipjan UBT - Lipjan Koleksioni i përgjithshem 09/28/2015   656.07 REW 002-008080 09/28/2015 Books 09/28/2015
          Koleksioni i përgjithshem UBT - Lipjan UBT - Lipjan Koleksioni i përgjithshem 09/28/2015   656.07 REW 002-008081 09/28/2015 Books 09/28/2015
          Koleksioni i përgjithshem UBT - Lipjan UBT - Lipjan Koleksioni i përgjithshem 09/28/2015   656.07 REW 002-008082 09/28/2015 Books 09/28/2015
          Koleksioni i përgjithshem UBT - Lipjan UBT - Lipjan Koleksioni i përgjithshem 09/28/2015   656.07 REW 002-008083 09/28/2015 Books 09/28/2015
          Koleksioni i përgjithshem UBT - Lipjan UBT - Lipjan Koleksioni i përgjithshem 09/28/2015   656.07 REW 002-008084 09/28/2015 Books 09/28/2015
          Koleksioni i përgjithshem UBT - Lipjan UBT - Lipjan Koleksioni i përgjithshem 10/16/2015   656.07 REW 002-008399 10/16/2015 Books 10/16/2015
UBT Library © 2015-2024. All rights reserved University Education for Business and Technology